日向坂46(けやき坂46)メンバーと同じ名前の駅がある市町村 - Statistics

General Stats
  • This quiz has been taken 9 times
  • The average score is 4 of 21
Answers on the Grid
Answers color-coded by a green-red scale on the quiz's grid according to % correct below.
東京都大田区
東京都江戸川区
大阪市大阪府
愛知県名古屋市
北海道札幌市
福岡県福岡市
神奈川県横浜市
京都府京都市
岡山県岡山市
新潟県新潟市
熊本県熊本市
静岡県静岡市
山形県山形市
群馬県前橋市
石川県金沢市
岐阜県岐阜市
滋賀県大津市
鳥取県鳥取市
香川県高松市
大分県大分市
岩手県遠野市
宮城県多賀城市
秋田県由利本荘市
山形県鶴岡市
栃木県足利市
埼玉県川口市
千葉県市原市
新潟県上越市
富山県南砺市
石川県白山市
福井県大野市
愛知県瀬戸市
三重県四日市市
大阪府高槻市
兵庫県高砂市
奈良県御所市
広島県三原市
山口県岩国市
香川県東かがわ市
愛媛県新居浜市
佐賀県武雄市
熊本県阿蘇市
宮崎県日向市
沖縄県浦添市
青森県上北郡おいらせ町
福島県双葉郡大熊町
茨城県久慈郡大子町
神奈川県中郡大磯町
和歌山県日高郡みなべ町
山梨県南巨摩郡南部町
島根県仁多郡奥出雲町
徳島県美馬郡つるぎ町
長崎県北松浦郡佐々町
鹿児島県姶良郡湧水町
長野県下伊那郡天龍村
高知県高岡郡日高村
 
Answer Stats
Answer % Correct
清水駅など 大阪市大阪府
67%
清水駅など 愛知県名古屋市
33%
清水駅 静岡県静岡市
33%
高瀬駅 山形県山形市
33%
森本駅 石川県金沢市
17%
鶴崎駅 大分県大分市
17%
藤島(ふじしま)駅 山形県鶴岡市
17%
柿崎駅 新潟県上越市
17%
井口駅 石川県白山市
17%
富田駅など 三重県四日市市
17%
由宇駅 山口県岩国市
17%
丹生駅 香川県東かがわ市
17%
高橋駅 佐賀県武雄市
17%
宮地駅 熊本県阿蘇市
17%
大野駅 福島県双葉郡大熊町
17%
太田(おおた)駅 香川県高松市
0%
富田駅 栃木県足利市
0%
山口駅 愛知県瀬戸市
0%
富田駅 大阪府高槻市
0%
下田駅 青森県上北郡おいらせ町
0%
平岡駅 長野県下伊那郡天龍村
0%
No matching quizzes found
Score Distribution
Percent of People with Each Score
Percentile by Number Answered
Your Score History
You have not taken this quiz